Moderne landen van het Nederlandse rijk op een kaart - Statistieken

Algemene statistieken
  • Deze quiz is 4.072 keer genomen
  • De gemiddelde score is 12 van 15
Antwoorden op de kaart
Antwoorden kleurgecodeerd door een groen-rode schaal op de quizkaart volgens % correct hieronder.
 
Antwoordstatistieken
Land % Correct
Indonesië
98%
Nederland
97%
België
96%
Suriname
91%
Zuid-Afrika
87%
Brazilië
82%
Verenigde Staten
81%
Luxemburg
78%
Taiwan
77%
Guyana
76%
India
74%
Sri Lanka
71%
Frankrijk
60%
Ghana
49%
Ivoorkust
49%
Geen overeenkomende quizzen gevonden
Scoreverdeling
Procent van Mensen met Elke Score
Percentiel versus Aantal Correcte Antwoorden
Uw Scoregeschiedenis
U heeft deze quiz nog niet genomen